|
|
|
|
| LEADER |
00000nab a2200000 a 4500 |
| 001 |
vtls000466237 |
| 003 |
SK-MaSNL |
| 005 |
20260303172601.0 |
| 008 |
160216c1992 xo 0 slo |
| 015 |
|
|
|a SNBRB19rr/mm-uuuuu
|
| 035 |
|
|
|a CL0466370
|
| 040 |
|
|
|a SNKBUCL
|b slo
|c SNKBUCL
|e AACR2
|
| 041 |
0 |
|
|a slo
|
| 044 |
|
|
|a xo
|c SK
|
| 080 |
|
|
|a 78.071.2:788.1:785.16
|2 1981
|
| 080 |
|
|
|a 788.1
|2 1981
|
| 080 |
|
|
|a 785.16
|2 1981
|
| 080 |
|
|
|a 929 Bartoš, Juraj
|2 1981
|
| 100 |
1 |
|
|a Bartoš, Juraj,
|d 1967-
|4 ive
|9 54075
|
| 245 |
1 |
0 |
|a Juraj Bartoš
|c Juraj Bartoš, Iveta Pospíšilová
|
| 300 |
|
|
|b Fot. 1.
|
| 600 |
1 |
7 |
|a Bartoš, Juraj,
|d 1967-
|2 snkbucl
|9 54075
|
| 655 |
|
7 |
|a rozhovory
|2 snkbucl
|9 31831
|
| 655 |
|
7 |
|a články z novín a časopisov
|2 snkbucl
|9 267496
|
| 700 |
1 |
|
|a Pospíšilová, Iveta
|4 ivr
|9 657443
|
| 773 |
0 |
|
|t Populár
|g Roč. 24, č. 9 (1992), s. 19
|
| 850 |
|
|
|a Slovenská národná knižnica v Martine
|a MTA001
|
| 852 |
|
|
|a SNK
|b KIS3GCP
|
| 958 |
|
|
|a BX
|
| 958 |
|
|
|a RK
|
| 992 |
|
|
|a RBX
|
| 999 |
|
|
|c 2087285
|d 2089215
|